| 000 | 02011 a2200229 4500 | ||
|---|---|---|---|
| 001 | 269 | ||
| 005 | 20260407155418.0 | ||
| 008 | 260407a2003 arg spa d | ||
| 003 | AR-UNSa-BCEJYS | ||
| 040 |
_aAR-UNSa-BCEJYS _bspa _cAR-UNSa-BCEJYS |
||
| 080 |
_a347.74 _xContratos mercantiles (comerciales...leasing)) |
||
| 245 | 1 | 0 | _aPráctica en contratos de empresa modernos y posmodernos |
| 020 | _a978-987-01-0014-0 | ||
| 264 | 1 |
_aBuenos Aires : _bErrepar _c2003 |
|
| 300 |
_axxii, 1304 p. _c21 cm |
||
| 505 | _a1. Contrato de agencia - 2. Contrato de agrupación de colaboración empresaria (A.C.E.) - 3. Contrato de ahorro previo - 4. Contrato de apertura de crédito bancario - 5. Contrato de caja de seguridad bancaria - 6. Contrato de compraventa de acciones - 7. Contratos de compraventa internacional y crédito documentado - 8. Contrato de concesión - 9. Contrato de cuenta corriente bancaria - 10. Contrato de depósito bancario: caja de ahorro y plazo fijo - 11. Contrato de descuento bancario - 12. Contrato distribución - 13. Contrato de edición - 14. Contrato estimatorio - 15. Contrato de factoring - 16. Contrato de fideicomiso - 17. Contrato de franchising - 18. Contrato de garaje - 19. Contrato de leasing - 20. Contratos de licencia, tecnología e informáticos - 21. Contrato de management o gerenciamiento - 22. Contrato de medicina prepaga - 23. Contrato de publicidad - 24. Contrato de sindicación de acciones - 25. Contrato de suministro - 26. Contrato de tarjeta de crédito - 27. Contrato de telefonía celular - 28. Contrato de tiempo compartido - 29. Contratos de turismo y viaje - 30. Contrato de underwriting - 31. Contratos de Unión transitoria de empresas (UTE) y Joint Venture | ||
| 041 | _aspa | ||
| 942 | _cBK | ||
| 590 | _aniveau_biblio:m niveau_hierar:0 | ||
| 100 | 1 | _aFavier Dubois, Eduardo Mario (h) | |
| 856 | 4 | 1 |
_uhttps://biblioeco.unsa.edu.ar/pmb/images/libros/Practicas en contratos de empresas modernos y posmodernos2-l117463.jpg _yImagen de portada _qimage/jpeg |
| 999 |
_c181 _d181 |
||